000 00793cam a2200217 4500
001 ##J1790
008 090401t1993 xxu||||| |||| 00| 0 eng d
035 _a(Sirsi) u45498
041 0 _aeng
110 1 _aEurope
_bEuropean Communities Council
_92364
245 0 0 _aCouncil Decision of 22 July 1993 concerning the modules for the various phases of the conformity assessment procedures and the rules for the affixing and use of CE conformity marking, which are intended to be used in the technical harmonization directives
260 _a[S.l.]
_b[s.n.]
_c1993
300 _a(17)p.
_c30cm.
350 _a0
490 0 _aEEC Decision
_v93/465/EEC
650 2 4 _aDECISION 93/465/EEC
651 4 _aEUROPE
690 _aBUILT ENVIRONMENT-BUILDING STANDARDS
942 _n0
948 _c04/03/1997
999 _c91737
_d91737